| 000 | 00553nam a22001577a 4500 | ||
|---|---|---|---|
| 005 | 20240820125009.0 | ||
| 008 | 240820b |||||||| |||| 00| 0 eng d | ||
| 041 | _aEnglish | ||
| 082 | _a349 LAW | ||
| 100 | _lEnglish | ||
| 245 | _aThe Law Reports, Weekly Law Reports and Restrictive Practices Reports: Consolidated Index 1951 -1960 | ||
| 260 |
_aLondon: _bThe Incorporated Council of Law Reporting for England and Wales, _c1961 |
||
| 300 |
_b831 pages; _c25 cm. |
||
| 650 |
_aLegal practice _bLaw |
||
| 942 |
_cBK _6ALISON_BN_VRIES |
||
| 999 |
_c2729 _d2729 |
||